000 01003nam a2200229 a 4500
001 000038196
005 20240307073950.0
008 081126s2010 dr 000 0 spa d
040 _aDO-SdBNP
_bspa
_cBNPHU
082 _a342.729307
_bR426cons, 2010
110 1 _aRepública Dominicana.
_b Junta Central Electoral
_964605
245 1 0 _aConstitución de la República Dominicana 2010 :
_bley electoral no. 275-97 y sus modificaciones /
_cpresentación Julio César Castaños Guzmán.
246 1 4 _aCompilación de la legislación electoral de la República Dominicana.
260 _aSanto Domingo :
_bJunta Central Electoral,
_c2010.
300 _a338 p. ;
_c28 cm.
590 _aInventariado, 2018/VM
650 4 _aElecciones
_xLegislación
_zRepública Dominicana
_9412
651 4 _aRepública Dominicana
_xConstitución (2010{Rpara}
_935654
700 1 2 _aCastaños Guzmán, Julio César
_928027
740 0 2 _aLey electoral nº 275-97 y sus modificaciones
910 _aValidado. Control de calidad MFF
999 _c37686
_d37686